[Event "FRA-chT4 0506"]
[Site "France"]
[Date "2006.02.05"]
[Round "5"]
[White "Djellouli, Hassine"]
[Black "Sohier, Renaud"]
[Result "0-1"]
[WhiteElo "2080"]
[BlackElo "1940"]
[PlyCount "60"]
[EventDate "2005.10.02"]
[EventType "team"]
[EventRounds "9"]
[EventCountry "FRA"]
[SourceTitle "EXT 2007"]
[Source "ChessBase"]
[SourceDate "2006.11.23"]
[SourceVersion "1"]
[SourceVersionDate "2006.11.23"]
[SourceQuality "1"]

1. d4 g6 2. c4 Bg7 3. Nf3 c5 4. e4 cxd4 5. Nxd4 Nc6 6. Be3 Nxd4 7. Bxd4 e5 8. Be3 Ne7 9. Nc3 f5 10. Bg5 h6 11. Bxe7 Qxe7 12. exf5 0-0 13. fxg6 Qf6 14. Qc2 e4 15. Nxe4 Qxg6 16. Bd3 d5 17. cxd5 Bf5 18. 0-0 Rac8 19. Qe2 Bd4 20. Kh1 Bxb2 21. Qxb2 Bxe4 22. Bxe4 Qxe4 23. Qxb7 a5 24. Qb3 Rf7 25. Rac1 Rcf8 26. d6 a4 27. Qc4 Qg6 28. Qd5 Kh8 29. Qd4+ Rg7 30. Rc7 Qxg2# 0-1

[Event "FRA-chT4 0304"]
[Site "Champagne Ardenne"]
[Date "2003.12.07"]
[Round "3"]
[White "Djellouli, Hassine"]
[Black "Talbot, Remy"]
[Result "1-0"]
[WhiteElo "1920"]
[BlackElo "1680"]
[PlyCount "65"]
[EventDate "2003.10.??"]
[EventRounds "6"]
[EventCountry "FRA"]
[SourceTitle "EXT 2005"]
[Source "ChessBase"]
[SourceDate "2004.11.15"]
[SourceVersion "1"]
[SourceVersionDate "2004.11.15"]
[SourceQuality "1"]

1. Nf3 Nf6 2. c4 g6 3. d4 Bg7 4. e4 d6 5. Nc3 0-0 6. Be2 e5 7. dxe5 dxe5 8. Qxd8 Rxd8 9. Bg5 Re8 10. 0-0-0 c6 11. Nxe5 Rxe5 12. Rd8+ Re8 13. Bxf6 Rxd8 14. Bxd8 c5 15. Nd5 Nc6 16. Ne7+ Nxe7 17. Bxe7 b6 18. Rd1 Bb7 19. f3 Bd4 20. Bg5 Re8 21. Bd3 f6 22. Bd2 Rd8 23. Bf4 Kf7 24. Kc2 Bc6 25. b3 Ke6 26. Be2 Rd7 27. Bc1 g5 28. Bb2 Ke5 29. Bc3 a5 30. Be1 Kf4 31. Bg3+ Ke3 32. Bd3 Be5 33. Re1+ 1-0